000 00549nam a2200217Ia 4500
005 20251121191158.0
008 230125s9999 xx 000 0 und d
020 _a81-7224-925-x
041 _aeng
082 _a158.1
_bTIM
100 _aTimm P R
_9215357
245 _aHow To Make Winning Presentations
260 _c2013
_bJaico Publishing House
_aMumbai
300 _a93p
440 _v1
500 _aPersonality Development
650 _aPersonality Development
_9213420
700 _aTimm P R
_9215357
906 _b27
942 _cBK
999 _c95325
_d95325